India /

Guardado en:
Autor Principal: Brown, J. D.
Formato: Libro
Publicado: México : Life, 1962
Series:Life en Español
Materias:
Etiquetas: Agregar Etiqueta
Sin Etiquetas, Sea el primero en etiquetar este registro!
LEADER 00451nam a22001815a 4500
001 CEM.cems001239
005 20060213000000.0
008 130507s1962##################000#0#####d
003 CEMS
082 0 4 |a 954 
100 1 |a Brown, J. D. 
245 1 0 |a India /  |c J.D. Brown 
260 |a México :  |b Life,  |c 1962 
300 |a 160 p. 
490 0 |a Life en Español 
653 |a Historia 
653 |a India 
859 |a CEMS  |b BIB. CEMS - 11 de abril  |h 954  |i B813  |p 2800.74  |t Ej.1